[Event "Tehran Paytakht Cup 2nd"]
[Site "Tehran"]
[Date "2017.10.25"]
[Round "2"]
[White "Sheykhali, Mohammadreza"]
[Black "Mosadeghpour, Masoud"]
[Result "0-1"]
[WhiteElo "2165"]
[BlackElo "2513"]
[PlyCount "102"]
[EventDate "2017.10.24"]
[EventType "swiss"]
[EventRounds "9"]
[EventCountry "IRI"]
[SourceTitle "CBM 181 Extra"]
[Source "ChessBase"]
[SourceDate "2017.12.12"]
[SourceVersion "1"]
[SourceVersionDate "2017.12.12"]
[SourceQuality "1"]

1. e4 c5 2. Nf3 d6 3. b3 Nf6 4. d3 g6 5. Bb2 Bg7 6. Nbd2 0-0 7. Rb1 d5 8. g3 dxe4 9. dxe4 Qa5 10. c3 Qxa2 11. Qc2 Qa5 12. Bg2 Nc6 13. 0-0 Rd8 14. Nc4 Qc7 15. Nfd2 Be6 16. Ne3 b5 17. Kh1 Qd7 18. Rbd1 Bh3 19. f4 Bxg2+ 20. Nxg2 Qd3 21. Qxd3 Rxd3 22. e5 Rad8 23. exf6 Bxf6 24. Bc1 Bxc3 25. Ne1 R3d7 26. Nef3 Nb4 27. Rde1 Na2 28. Re3 b4 29. Re2 Nxc1 30. Rxc1 Bxd2 31. Rxc5 Bc3 32. Kg2 f6 33. Ra5 Rc7 34. Rea2 Rdd7 35. g4 Bd4 36. Rb5 Bc5 37. Rc2 Bd6 38. Nd4 Rxc2+ 39. Nxc2 Bxf4 40. Nxb4 Rd2+ 41. Kf3 Bxh2 42. Nc6 Rd7 43. Ke4 e6 44. Ra5 f5+ 45. Kf3 Rc7 46. Nxa7 Rc3+ 47. Kg2 Rc2+ 48. Kf3 Bc7 49. Rb5 Rc3+ 50. Ke2 f4 51. Kd2 f3 0-1

[Event "Asian Schools-ch U17 12th Blitz"]
[Site "Tehran"]
[Date "2016.07.16"]
[Round "4.1"]
[White "Rastbod, Ali"]
[Black "Sheykhali, Mohammadreza"]
[Result "1/2-1/2"]
[WhiteElo "2227"]
[BlackElo "2146"]
[PlyCount "161"]
[EventDate "2016.07.16"]
[EventType "swiss"]
[EventRounds "9"]
[EventCountry "IRI"]
[SourceTitle "EXT 2024"]
[Source "ChessBase"]
[SourceDate "2023.10.10"]
[SourceVersion "1"]
[SourceVersionDate "2023.10.10"]
[SourceQuality "1"]

1. c4 Nf6 2. Nc3 e6 3. e4 d6 4. d4 Nbd7 5. Nf3 e5 6. Be2 c6 7. 0-0 Be7 8. Be3 0-0 9. h3 Qc7 10. b3 a6 11. Rc1 Rd8 12. Qc2 Qb8 13. d5 c5 14. a4 Nf8 15. Ne1 N6d7 16. Nd3 Qc7 17. f4 exf4 18. Bxf4 Ne5 19. Bxe5 dxe5 20. Qd1 Ng6 21. Bg4 Bg5 22. Rc2 Qe7 23. a5 Bd7 24. Bf5 Nh4 25. Bxd7 Rxd7 26. Qe2 Ng6 27. g3 Rc8 28. Na4 Bh6 29. Nb6 Rcc7 30. Nxd7 Rxd7 31. Qf2 Rc7 32. Kg2 Qg5 33. Kh2 Qe7 34. Qf5 Be3 35. Re2 Bd4 36. Rg2 h6 37. h4 Qd6 38. Qf3 Re7 39. Rb1 Nf8 40. b4 cxb4 41. c5 Bxc5 42. Nxc5 Qxc5 43. Qb3 Qxa5 44. Qxb4 Qd8 45. Qb6 Qc8 46. Rbb2 Qc4 47. Qe3 b5 48. Rgc2 Qf1 49. Qe2 Qa1 50. Ra2 Qd4 51. Rxa6 b4 52. Rd2 Qc3 53. Rc6 Qa3 54. Ra2 Qb3 55. Qc4 Qb1 56. Qc2 Qe1 57. Qe2 Qb1 58. Rb2 Qa1 59. Rxb4 Ra7 60. Rc2 Nd7 61. Rbb2 Kh7 62. Ra2 Rxa2 63. Rxa2 Qd4 64. Rd2 Qc5 65. Qf2 Qb4 66. Qf5+ Kg8 67. Ra2 Nb6 68. Qxe5 Qb3 69. Rf2 Qb5 70. Qf5 Qe8 71. Rd2 Nc4 72. Rf2 Ne5 73. d6 g6 74. Qh3 Qc6 75. h5 Qxd6 76. hxg6 Qxg6 77. Qf5 Ng4+ 78. Kg1 Nxf2 79. Qxg6+ fxg6 80. Kxf2 Kf7 81. Kf3 1/2-1/2

[Event "Asian Schools-ch U17 12th Blitz"]
[Site "Tehran"]
[Date "2016.07.16"]
[Round "5.1"]
[White "Sheykhali, Mohammadreza"]
[Black "Molaei, Mohammadamin"]
[Result "0-1"]
[WhiteElo "2146"]
[BlackElo "2163"]
[PlyCount "108"]
[EventDate "2016.07.16"]
[EventType "swiss"]
[EventRounds "9"]
[EventCountry "IRI"]
[SourceTitle "EXT 2024"]
[Source "ChessBase"]
[SourceDate "2023.10.10"]
[SourceVersion "1"]
[SourceVersionDate "2023.10.10"]
[SourceQuality "1"]

1. Nf3 c5 2. e3 g6 3. d4 cxd4 4. exd4 Bg7 5. c3 d5 6. Be2 Nf6 7. 0-0 0-0 8. h3 Nc6 9. Bf4 Bf5 10. Nbd2 Rc8 11. Nb3 Ne4 12. a4 Na5 13. Nbd2 Qb6 14. b4 Nxc3 15. bxa5 Qe6 16. Ng5 Qxe2 17. Qb3 Bxd4 18. Ngf3 Bg7 19. Kh1 Ne4 20. Rae1 Qa6 21. Qxd5 Rfd8 22. Qb5 Qxb5 23. axb5 Nxd2 24. Nxd2 Bd3 25. Rg1 e6 26. b6 axb6 27. axb6 Bd4 28. Bc7 Bxf2 29. Bxd8 Rxd8 30. Rc1 Bxg1 31. Kxg1 Rd6 32. Rc3 Ba6 33. Ne4 Rxb6 34. Kh2 Rc6 35. Rb3 Kg7 36. Kg3 Rc2 37. Nf2 h5 38. Kf3 Bc4 39. Rb4 Bd5+ 40. Ke3 Bxg2 41. h4 Bd5 42. Nd3 Rh2 43. Nf4 Bc6 44. Ne2 Rh3+ 45. Kf2 Rf3+ 46. Ke1 Re3 47. Kd2 Re4 48. Nd4 Bd5 49. Kd3 Kf6 50. Rb1 Rxh4 51. Rf1+ Kg7 52. Ke3 Re4+ 53. Kd3 e5 54. Ne2 Rxe2 0-1

[Event "Asian Schools U17 12th"]
[Site "Tehran"]
[Date "2016.07.16"]
[Round "9"]
[White "Tahbaz, Arash"]
[Black "Sheykhali, Mohammadreza"]
[Result "1-0"]
[WhiteElo "2406"]
[BlackElo "2071"]
[PlyCount "51"]
[EventDate "2016.07.11"]
[EventType "swiss"]
[EventRounds "9"]
[EventCountry "IRI"]
[SourceTitle "EXT 2017"]
[Source "ChessBase"]
[SourceDate "2016.10.25"]
[SourceVersion "1"]
[SourceVersionDate "2016.10.25"]
[SourceQuality "1"]

1. e4 c5 2. Nf3 Nc6 3. d4 cxd4 4. Nxd4 Nf6 5. Nc3 d6 6. f3 e6 7. Be3 Be7 8. Qd2 0-0 9. 0-0-0 a6 10. g4 Qc7 11. h4 Ne5 12. h5 b5 13. g5 Nfd7 14. g6 Nb6 15. gxh7+ Kxh7 16. Qg2 b4 17. Nb1 Bd7 18. Rg1 Bf6 19. Bg5 Qd8 20. f4 Nec4 21. e5 Bxg5 22. Qe4+ Kg8 23. Rxg5 f5 24. Qg2 Rf7 25. Bxc4 Nxc4 26. Rg1 1-0

[Event "Asian Schools U17 12th"]
[Site "Tehran"]
[Date "2016.07.13"]
[Round "4"]
[White "Rastbod, Ali"]
[Black "Sheykhali, Mohammadreza"]
[Result "1-0"]
[WhiteElo "2257"]
[BlackElo "2071"]
[PlyCount "72"]
[EventDate "2016.07.11"]
[EventType "swiss"]
[EventRounds "9"]
[EventCountry "IRI"]
[SourceTitle "EXT 2017"]
[Source "ChessBase"]
[SourceDate "2016.10.25"]
[SourceVersion "1"]
[SourceVersionDate "2016.10.25"]
[SourceQuality "1"]

1. c4 Nf6 2. Nc3 e6 3. e4 d5 4. e5 d4 5. exf6 dxc3 6. bxc3 Qxf6 7. d4 c5 8. Nf3 h6 9. Bd3 Nc6 10. Be4 Bd7 11. 0-0 Bd6 12. Rb1 Rb8 13. Bxc6 Bxc6 14. d5 exd5 15. cxd5 Bd7 16. Re1+ Kf8 17. c4 Bg4 18. Bb2 Qf4 19. h3 Bh5 20. Qb3 Kg8 21. Be5 Bxe5 22. Nxe5 Bg6 23. Rbd1 Kh7 24. Qe3 Qxe3 25. Rxe3 Rhd8 26. a4 Rd6 27. Ra1 b6 28. a5 b5 29. Nc6 Rxc6 30. dxc6 b4 31. Re7 b3 32. Rb7 Rc8 33. Rxb3 Rxc6 34. Rb7 Bd3 35. Rxf7 Rc8 36. Re7 Rb8 1-0

[Event "Avicenna op 12th"]
[Site "Hamedan"]
[Date "2015.09.05"]
[Round "6"]
[White "Grabliauskas, Virginijus"]
[Black "Sheykhali, Mohammadreza"]
[Result "1-0"]
[WhiteElo "2332"]
[BlackElo "2131"]
[PlyCount "83"]
[EventDate "2015.09.02"]
[EventType "swiss"]
[EventRounds "11"]
[EventCountry "IRI"]
[SourceTitle "EXT 2016"]
[Source "ChessBase"]
[SourceDate "2015.10.08"]
[SourceVersion "1"]
[SourceVersionDate "2015.10.08"]
[SourceQuality "1"]

1. d4 Nf6 2. Nf3 e6 3. c4 b6 4. g3 Bb7 5. Bg2 d6 6. 0-0 Nbd7 7. Nc3 Ne4 8. Nxe4 Bxe4 9. d5 Bxf3 10. exf3 e5 11. f4 Be7 12. fxe5 Nxe5 13. f4 Nd7 14. g4 h6 15. Be3 0-0 16. Qd2 Re8 17. Rf3 Bh4 18. Rh3 Nc5 19. Rf1 Ne4 20. Qc2 Nf6 21. Bc1 Nh7 22. g5 hxg5 23. fxg5 Nxg5 24. Rxh4 Nf3+ 25. Bxf3 Qxh4 26. Qf2 Qxf2+ 27. Kxf2 f5 28. Rg1 Kh7 29. Bd2 Re7 30. Bc3 a6 31. a4 Kh6 32. Bd2+ Kh7 33. Rg5 b5 34. cxb5 axb5 35. a5 Rf8 36. Bc3 Kh6 37. h4 g6 38. Rg1 f4 39. a6 Ra8 40. Ra1 c5 41. dxc6 Rea7 42. Bd4 1-0

[Event "Avicenna op 12th"]
[Site "Hamedan"]
[Date "2015.09.03"]
[Round "3"]
[White "Sheykhali, Mohammadreza"]
[Black "Mousavi, Seyed Khalil"]
[Result "0-1"]
[WhiteElo "2131"]
[BlackElo "2427"]
[PlyCount "112"]
[EventDate "2015.09.02"]
[EventType "swiss"]
[EventRounds "11"]
[EventCountry "IRI"]
[SourceTitle "EXT 2016"]
[Source "ChessBase"]
[SourceDate "2015.10.08"]
[SourceVersion "1"]
[SourceVersionDate "2015.10.08"]
[SourceQuality "1"]

1. e4 e6 2. d4 d5 3. Nc3 Bb4 4. e5 c5 5. a3 Bxc3+ 6. bxc3 Ne7 7. f4 Qa5 8. Bd2 Qa4 9. Nf3 b6 10. Kf2 Ba6 11. Bd3 cxd4 12. Nxd4 Nbc6 13. Be3 Rc8 14. Bxa6 Qxa6 15. Qd3 Qxd3 16. cxd3 Nxd4 17. Bxd4 Nf5 18. Ra2 Kd7 19. Ke2 g5 20. g4 Nxd4+ 21. cxd4 gxf4 22. Rf1 Ke7 23. Kd2 Rhg8 24. Rxf4 h5 25. h3 hxg4 26. hxg4 Rh8 27. Rf2 Rh4 28. Rg2 Rg8 29. a4 Rgxg4 30. Rxg4 Rh2+ 31. Kc3 Rxa2 32. Kb3 Rd2 33. Kc3 Rd1 34. Rg8 Ra1 35. Kb3 Rb1+ 36. Kc3 a5 37. Rb8 Rb4 38. Rb7+ Kf8 39. Rb8+ Kg7 40. Rb7 Kg6 41. Rb8 Rxa4 42. Rxb6 Ra3+ 43. Kc2 a4 44. Ra6 Ra2+ 45. Kc3 a3 46. Kb3 Ra1 47. Rxa3 Rxa3+ 48. Kxa3 Kf5 49. Kb3 Kg4 50. Kb2 Kf3 51. Kb3 Kf2 52. Kb2 Kg3 53. Kb3 Kf3 54. Kb2 Kf2 55. Kb3 Ke1 56. Kc3 Kd1 0-1

[Event "Tehran Behin Cup 2nd"]
[Site "Tehran"]
[Date "2014.11.22"]
[Round "9"]
[White "Sedaghati, Mehrdad"]
[Black "Sheykhali, Mohammadreza"]
[Result "0-1"]
[WhiteElo "2198"]
[BlackElo "1987"]
[PlyCount "74"]
[EventDate "2014.11.15"]
[EventType "swiss"]
[EventRounds "9"]
[EventCountry "IRI"]
[SourceTitle "CBM 163 Extra"]
[Source "ChessBase"]
[SourceDate "2014.12.23"]
[SourceVersion "1"]
[SourceVersionDate "2014.12.23"]
[SourceQuality "1"]

1. e4 c5 2. Nc3 Nc6 3. g3 g6 4. Bg2 Bg7 5. d3 d6 6. Be3 e6 7. Qd2 Nd4 8. Nd1 h5 9. c3 Nc6 10. h3 Nge7 11. Ne2 b6 12. f4 Ba6 13. 0-0 Rc8 14. Bf2 d5 15. e5 d4 16. c4 b5 17. cxb5 Bxb5 18. b3 Bh6 19. Nb2 Nxe5 20. Qc2 Nd7 21. b4 Bg7 22. a4 Bc6 23. Bxc6 Rxc6 24. b5 Rc8 25. Nc4 Nb6 26. a5 Nxc4 27. Qxc4 0-0 28. Nc1 Nf5 29. Nb3 Nd6 30. Qa4 e5 31. fxe5 Bxe5 32. Rac1 Qg5 33. Rxc5 Rxc5 34. Nxc5 Bxg3 35. Ne4 Nxe4 36. dxe4 Be5+ 37. Kh1 Qf4 0-1